Analýza a predpoklady rastu rentability OHJ podnikov PRIOR záverečná práca postgraduálneho štúdia

Enregistré dans:
Détails bibliographiques
Auteur principal: Kuchta, Slavomír
Collectivité auteur: Vysoká škola ekonomická v Bratislave
Autres auteurs: Strážovská, Helena
Format: Livre
Langue:slovaque
Publié: Bratislava 1987
Tags: Ajouter un tag
Pas de tags, Soyez le premier à ajouter un tag!

MARC

LEADER 00000nam a2200000 4500
001 c029750
005 20230116091245.6
041 0 |a slo 
044 |a SK 
245 1 0 |a Analýza a predpoklady rastu rentability OHJ podnikov PRIOR  |b záverečná práca postgraduálneho štúdia  |c Slavomír Kuchta ; Ved. práce Elena Strážovská 
264 1 |a Bratislava  |c 1987 
300 |a 55 s. 
100 1 |a Kuchta, Slavomír 
700 1 |a Strážovská, Helena 
710 2 |a Vysoká škola ekonomická v Bratislave